The law of evidence : (Record no. 1616)
[ view plain ]
| 000 -LEADER | |
|---|---|
| fixed length control field | 00741nam a22002297a 4500 |
| 001 - CONTROL NUMBER | |
| control field | 13057 |
| 003 - CONTROL NUMBER IDENTIFIER | |
| control field | BD-DhUAP |
| 005 - DATE AND TIME OF LATEST TRANSACTION | |
| control field | 20200211095412.0 |
| 008 - FIXED-LENGTH DATA ELEMENTS--GENERAL INFORMATION | |
| fixed length control field | 200211s2008 bg ||||| |||| 00| 0 eng d |
| 020 ## - INTERNATIONAL STANDARD BOOK NUMBER | |
| International Standard Book Number | 984300008603 |
| 040 ## - CATALOGING SOURCE | |
| Original cataloging agency | BD-DhUAP |
| Language of cataloging | Eng |
| Transcribing agency | BD-DhUAP |
| Modifying agency | BD-DhUAP |
| 082 ## - DEWEY DECIMAL CLASSIFICATION NUMBER | |
| Edition number | 23 |
| Classification number | 347.549206 HAL |
| 100 ## - MAIN ENTRY--PERSONAL NAME | |
| Personal name | Halim, Md. Abdul. |
| 245 ## - TITLE STATEMENT | |
| Title | The law of evidence : |
| Remainder of title | theory and practice / |
| Statement of responsibility, etc. | Md. Abdul Halim |
| 260 ## - PUBLICATION, DISTRIBUTION, ETC. | |
| Place of publication, distribution, etc. | Dhaka : |
| Name of publisher, distributor, etc. | CCB foundation, |
| Date of publication, distribution, etc. | c2008. |
| 300 ## - PHYSICAL DESCRIPTION | |
| Extent | 271 pages ; |
| Dimensions | 24 cm. |
| 500 ## - GENERAL NOTE | |
| General note | An interpretative, comparative and critical analysis of the evidence act, 1872. |
| 504 ## - BIBLIOGRAPHY, ETC. NOTE | |
| Bibliography, etc. note | Include bibliographical references and index. |
| 650 ## - SUBJECT ADDED ENTRY--TOPICAL TERM | |
| Topical term or geographic name entry element | Evidence Act |
| Geographic subdivision | Bangladesh. |
| 650 ## - SUBJECT ADDED ENTRY--TOPICAL TERM | |
| Topical term or geographic name entry element | Evidence (Law). |
| 942 ## - ADDED ENTRY ELEMENTS (KOHA) | |
| Source of classification or shelving scheme | |
| Koha item type | Book |
| Withdrawn status | Lost status | Source of classification or shelving scheme | Damaged status | Not for loan | Permanent Location | Current Location | Shelving location | Date acquired | Total Checkouts | Total Renewals | Full call number | Barcode | Date due | Date last seen | Date last checked out | Copy number | Price effective from | Koha item type |
|---|---|---|---|---|---|---|---|---|---|---|---|---|---|---|---|---|---|---|
| UAP Central Library | UAP Central Library | General Stacks | 2020-02-11 | 6 | 7 | 347.549206 HAL | 3010013057 | 2026-02-26 | 2026-01-28 | 2026-01-28 | 1 | 2020-02-11 | Book | |||||
| UAP Central Library | UAP Central Library | General Stacks | 2020-02-11 | 4 | 347.549206 HAL | 3010011645 | 2026-02-18 | 2026-01-25 | 2 | 2020-02-11 | Book | |||||||
| UAP Central Library | UAP Central Library | General Stacks | 2020-02-11 | 3 | 1 | 347.549206 HAL | 3010011647 | 2025-03-23 | 2025-02-22 | 3 | 2020-02-11 | Book | ||||||
| UAP Central Library | UAP Central Library | General Stacks | 2020-02-11 | 1 | 1 | 347.549206 HAL | 3010013055 | 2026-02-23 | 2026-01-28 | 4 | 2020-02-11 | Book | ||||||
| UAP Central Library | UAP Central Library | General Stacks | 2020-02-11 | 3 | 2 | 347.549206 HAL | 3010011648 | 2026-04-05 | 2026-02-22 | 5 | 2020-02-11 | Book | ||||||
| UAP Central Library | UAP Central Library | General Stacks | 2020-02-11 | 1 | 1 | 347.549206 HAL | 3010013056 | 2025-04-10 | 2025-03-19 | 6 | 2020-02-11 | Book | ||||||
| UAP Central Library | UAP Central Library | General Stacks | 2020-02-11 | 347.549206 HAL | 3010011644 | 2020-02-11 | 7 | 2020-02-11 | Book | |||||||||
| UAP Central Library | UAP Central Library | General Stacks | 2020-02-11 | 1 | 347.549206 HAL | 3010013058 | 2026-02-07 | 2026-01-29 | 8 | 2020-02-11 | Book | |||||||
| UAP Central Library | UAP Central Library | General Stacks | 2020-02-11 | 347.549206 HAL | 3010013054 | 2020-02-11 | 9 | 2020-02-11 | Book | |||||||||
| UAP Central Library | UAP Central Library | General Stacks | 2020-12-30 | 4 | 2 | 347.549206 HAL | 3010011646 | 2024-12-22 | 2024-12-22 | 10 | 2020-12-30 | Book |
Bengali Keyboard